Obnova sedliackej usadlosti na penzión

Gespeichert in:
Bibliographische Detailangaben
1. Verfasser: Cvopa, Martin (Verfasst von)
Weitere Verfasser: Bielek, Boris (Betreuung Doktorarbeit)
Format: Manuskript Buch
Sprache:Slowakisch
Veröffentlicht: 2023
Schlagworte:
Online-Zugang:http://is.stuba.sk/zp/portal_zp.pl?podrobnosti=172217
https://opac.crzp.sk/?fn=detailBiblioForm&sid=C0DEB8E07572332BAC230E15805F
Tags: Tag hinzufügen
Keine Tags, Fügen Sie das erste Tag hinzu!

MARC

LEADER 00000ntm a22000003a 4500
001 stuzp93562
003 SK-STU
005 20230918143903.7
007 ta
008 150427s2015----xo-----f-mn---000-0-slo-d
040 |a STU  |b slo 
041 0 |a slo 
100 1 |a Cvopa, Martin  |u 010180  |4 aut  |U SvF Stavebná fakulta  |T SvF Katedra konštrukcií pozemných stavieb  |X 92998  |U V180  |Y 18  |7 92998 
242 0 1 |a Renovation of the farmstead into a boarding house  |y eng 
245 1 0 |a Obnova sedliackej usadlosti na penzión 
260 |c 2023 
650 4 |a rekonštrukcia  |2 slo 
650 4 |a búracie práce  |2 slo 
650 4 |a sedliacka usadlosť  |2 slo 
650 4 |a reconstruction  |2 eng 
650 4 |a demolishing  |2 eng 
650 4 |a farm  |2 eng 
700 1 |a Bielek, Boris  |u 010180  |k Z1  |4 ths  |U SvF Stavebná fakulta  |T SvF Katedra konštrukcií pozemných stavieb  |X 4303  |U V180  |Y 18  |7 A000004303 
856 4 |u http://is.stuba.sk/zp/portal_zp.pl?podrobnosti=172217 
856 4 |u https://opac.crzp.sk/?fn=detailBiblioForm&sid=C0DEB8E07572332BAC230E15805F